Southville International School and Colleges
Your cart is empty.
  • Cart
  • Lists
    Public lists Eva Luna New books Lux_list list_1
    Your lists Log in to create your own lists
  • Log in to your account
  • Your cookies
  • Search history
Southville International School and Colleges
  • Advanced search
  • Recent comments
  • Most popular
  • Libraries

Log in to your account

Log in with GOOGLE


If you do not have an external account, but do have a local account, you can still log in:

  1. Home
  2. MARC view: General chemistry /
Normal view MARC view ISBD view

General chemistry / (Record no. 284307)

[ view plain ]
MARC details
000 -LEADER
fixed length control field 00857cam a22002771 4500
001 - CONTROL NUMBER
control field 9786378
003 - CONTROL NUMBER IDENTIFIER
control field PILC
005 - DATE AND TIME OF LATEST TRANSACTION
control field 20150522091542.0
008 - FIXED-LENGTH DATA ELEMENTS--GENERAL INFORMATION
fixed length control field 730123s1953 caua 000 0 eng
010 ## - LIBRARY OF CONGRESS CONTROL NUMBER
LC control number 53008083
015 ## - NATIONAL BIBLIOGRAPHY NUMBER
National bibliography number GB53-14040
035 ## - SYSTEM CONTROL NUMBER
System control number (OCoLC)544483
040 ## - CATALOGING SOURCE
Original cataloging agency DLC
Transcribing agency ODaWU
Modifying agency MCM
-- Uk
-- DLC
042 ## - AUTHENTICATION CODE
Authentication code premarc
050 00 - LIBRARY OF CONGRESS CALL NUMBER
Classification number QD 33
Item number .P328 1953
100 1# - MAIN ENTRY--PERSONAL NAME
Personal name Pauling, Linus,
Dates associated with a name 1901-1994.
245 10 - TITLE STATEMENT
Title General chemistry /
Remainder of title an introduction to descriptive chemistry and modern chemical theory.
250 ## - EDITION STATEMENT
Edition statement 2d ed.
260 ## - PUBLICATION, DISTRIBUTION, ETC. (IMPRINT)
Place of publication, distribution, etc San Francisco,
Name of publisher, distributor, etc W.H. Freeman and Company,
Date of publication, distribution, etc 1953.
300 ## - PHYSICAL DESCRIPTION
Extent x, 710 pages :
Other physical details illustrations ;
Dimensions 24 cm.
440 #2 - SERIES STATEMENT/ADDED ENTRY--TITLE
Title A Series of chemistry texts
500 ## - GENERAL NOTE
General note Includes appendix and index.
650 #0 - SUBJECT ADDED ENTRY--TOPICAL TERM
Topical term or geographic name as entry element Chemistry.
906 ## - LOCAL DATA ELEMENT F, LDF (RLIN)
a 7
b cbc
c oclcrpl
d u
e ncip
f 19
g y-gencatlg
942 ## - ADDED ENTRY ELEMENTS (KOHA)
Source of classification or shelving scheme Library of Congress Classification
Koha item type Books
Call number prefix Foreign
Holdings
Withdrawn status Lost status Source of classification or shelving scheme Damaged status Home library Current library Shelving location Date acquired Source of acquisition Total Checkouts Full call number Barcode Date last seen Price effective from Koha item type
    Library of Congress Classification   Archives Archives   05/22/2015 Library Fund   QD 33 .P328 1953 C19337 05/15/2018 05/22/2015 Books

General chemistry /

APA

Pauling L., . (1953). General chemistry. San Francisco: W.H. Freeman and Company.

Chicago

Pauling Linus, . 1953. General chemistry. San Francisco: W.H. Freeman and Company.

Harvard

Pauling L., . (1953). General chemistry. San Francisco: W.H. Freeman and Company.

MLA

Pauling Linus, . General chemistry. San Francisco: W.H. Freeman and Company. 1953.

  • Place hold
  • Print
  • Cite
  • Add to your cart (remove)
  • Save record
    BIBTEX Dublin Core MARCXML MARC (non-Unicode/MARC-8) MARC (Unicode/UTF-8) MARC (Unicode/UTF-8, Standard) MODS (XML) RIS
  • More searches
    Search for this title in:
    Other Libraries (WorldCat) Other Databases (Google Scholar) Online Stores (Bookfinder.com) Open Library (openlibrary.org)

Exporting to Dublin Core...

SOUTHVILLE LIBRARY

Southville International School and Colleges Library

1281 Tropical Ave. Cor. Luxembourg St., BF Homes International, Las Pinas City

Tel. No. 8256374 / 252358 Loc. 117/146

Powered by Koha